000 01188nam0a22002651 4500
001 rc\2771563
005 20250806204630.0
035 _a(NLR Aleph) 006897929
090 _a27359
_c27359
100 _a20110915d1941 u y0rusy50 ca
101 0 _arus
102 _aRU
105 _ay z |||||
200 1 _aТезисы к диссертации на соискание ученой степени кандидата медицинских наук Е. П. Зуевой на тему: "Сравнительная оценка методов определения калорийности и состава обедов"
_fГос. Ордена Ленина Ин-т усовершенствования врачей им. С. М. Кирова
210 _aЛенинград
_c2-я ф-ка детск. кн. Детиздата ЦК ВЛКСМ
_d1941
215 _a2, [1] с.
_d20 см.
300 _aБез тит. л. и обл.
700 1 _aЗуева
_bЕ.П.
801 0 _aRU
_bNLR
_gpsbo
801 1 _aRU
_bELAR
_2rusmarc
852 _aNLR
_jМд96 Г-4/25
942 _cBOOK
945 _aРоссийская национальная библиотека
980 _aNB
980 _aBV